Statistics for Anthems of the World (with map)

Click here to take the quiz!

General Stats

  • This quiz has been taken 43 times
    (41 since last reset)
  • The average score is 15 of 195

Answers on the Map

Answers color-coded by a green-red scale on the quiz's map according to % correct below.
 

Answer Stats

Anthem% Correct
God Save the Queen
68%
Star Spangled Banner
60%
O Canada
56%
The Marseillaise
44%
Advance Australia Fair
36%
His Imperial Majesty's Reign
32%
March of the Volunteers
32%
The Song of Germany
32%
Patriotic Song
28%
Royal March
28%
The Patriotic Song
28%
William
28%
Our Land
24%
Poland Is Not Yet Lost
24%
Thou Art the Ruler of the Minds of All People
24%
God Defend New Zealand
20%
Great Indonesia
20%
Hymn
20%
The Brabantian
20%
The Hope
20%
Yes, we love
20%
Argentine National Anthem
16%
Chosen Land
16%
Fatherland
16%
Hymn to Liberty
16%
My Country
16%
National Anthem
16%
State Anthem of the Republic of Belarus
16%
State Anthem of the Russian Federation
16%
Thou ancient, Thou free
16%
Where My Home Is
16%
A Toast
12%
Awaken thee, Romanian!
12%
Brazilian National Anthem
12%
Dear Motherland
12%
God Bless Africa
12%
Independence March
12%
Lightning over the Tatras
12%
Mexican National Anthem
12%
National anthem of South Africa
12%
National Hymn
12%
O, God of Our Land
12%
Oh, Bright Dawn of May
12%
Onward Singapore
12%
Our Beautiful Homeland
12%
Our language
12%
State Anthem of Ukraine
12%
Swiss Psalm
12%
There is a lovely country
12%
The Song of the Italians
12%
Any Nation's Flag
8%
Arise, O Compatriots
8%
Djibouti
8%
Easterners, the Country or the Tomb
8%
Europe
8%
Freedom
8%
God, Bless Latvia!
8%
God Bless Our Homeland Ghana
8%
God give us justice
8%
High on the young Rhine
8%
Mali
8%
My Fatherland, My Happiness and Joy
8%
My Homeland
8%
National Anthem of the Republic of Austria
8%
O God, of all Creation
8%
One Single Night
8%
Our Fatherland
8%
Our Palau
8%
South Sudan Hurrah!
8%
The Bayamo Anthem
8%
The Congolese
8%
The Great Charlemagne
8%
The Nigerien
8%
The Portuguese
8%
The Soldier's Song
8%
Today Over Macedonia
8%
We Pledge
8%
We, We, We
8%
Afghan National Anthem
4%
Army Marching Song, Song of Advancing Soldiers
4%
Beautiful Rwanda
4%
Beloved Homeland
4%
Cherifian Anthem
4%
Costa Rican National Anthem
4%
Dear Land of Guyana, of Rivers and Plains
4%
Eritrea, Eritrea, Eritrea
4%
Everyone strum your koras, strike the balafons
4%
Freedom
4%
Gloria al Bravo Pueblo
4%
God Bless Fiji
4%
Guardians of the Homeland
4%
Hymn of the Lao People
4%
Hymn to the Flag
4%
Jamaica, Land We Love
4%
Let Us Tread the Path of Our Immense Happiness
4%
Libya, Libya, Libya
4%
Made of Hundreds of Flowers
4%
March On, Bahamaland
4%
Monégasque Anthem
4%
Motherland
4%
Mother Sri Lanka
4%
My Golden Bengal
4%
My homeland, you have my love and my heart
4%
My Kazakhstan
4%
National Anthem of Bolivia
4%
National Anthem of Chile
4%
National anthem of Guatemala
4%
National Anthem of Honduras
4%
National Anthem of Mongolia
4%
National Anthem of Peru
4%
National Anthem of the Dominican Republic
4%
National Anthem of the Islamic Republic of Iran
4%
National Salute
4%
O Cameroon, Cradle of our Forefathers
4%
Onwards Angola
4%
Our Burundi
4%
Our Homeland
4%
Patriots of Micronesia
4%
Pontifical Anthem
4%
Stand and Sing of Zambia, Proud and Free
4%
Stand up, Congolese
4%
Thai National Anthem
4%
The Chad Song
4%
The Concorde
4%
The Maltese Anthem
4%
The Renaissance
4%
The Song of Dessalines
4%
The Thunder Dragon Kingdom
4%
Till the End of the World
4%
Total Independence
4%
All Hail, Liberia, Hail!
0%
Blessed Be This Noble Land
0%
Chant of Liberty
0%
Country of the Proud, Guiding Noblemen
0%
Defenders of the Homeland
0%
Fair Antigua, We Salute Thee - Wikipedia
0%
Forever Marshall Islands
0%
Forged from the Love of Liberty
0%
For The Gambia Our Homeland
0%
God be with our Suriname
0%
God Bless the Sultan
0%
God Save Our Solomon Islands
0%
Hail Grenada
0%
Hail, Oh Fatherland!
0%
Hail to thee, Nicaragua
0%
High We Exalt Thee, Realm of the Free
0%
In Plenty and In Time of Need
0%
Isle of Beauty, Isle of Splendour
0%
Isthmian Hymn
0%
Join together all Seychellois
0%
Land of our forefathers
0%
Land of the Free
0%
Lebanese National Anthem
0%
Lesotho, Land of Our Fathers
0%
Long Live my Nation
0%
Majestic Kingdom
0%
March Forward, Dear Mother Ethiopia
0%
March of Azerbaijan
0%
Namibia, Land of the Brave
0%
National Anthem of Bosnia and Herzegovina
0%
National Anthem of El Salvador
0%
National Anthem of Independent, Neutral Turkmenistan
0%
National Anthem of Saudi Arabia
0%
National Anthem of the Kyrgyz Republic
0%
National Anthem of the Republic
0%
National Anthem of the Republic of China
0%
National Anthem of The Republic of Colombia
0%
Nauru, our homeland
0%
O Arise, All You Sons
0%
O God bless our land of Malawi
0%
Oh, Our Beloved Father Land
0%
Oh Uganda, Land of Beauty
0%
O Land of Beauty!
0%
O lift high, high, our flag of Zimbabwe
0%
O Lord is our God, Eswatini
0%
Our Bahrain
0%
Paraguayan National Anthem
0%
Peace to the Amir
0%
Saint Vincent, Land so Beautiful
0%
Song of Abidjan
0%
Song of the King of the Tongan Islands
0%
Song of the Sultanic Salute
0%
Sons and Daughters of Saint Lucia
0%
Stand up, Kiribati
0%
State Anthem of the Republic of Uzbekistan
0%
The Banner of Freedom
0%
The Dawn of a New Day
0%
The Royal Anthem of Jordan
0%
The Union of the Great Islands
0%
This Is Our Well Beloved Motherland
0%
Tuvalu for the Almighty
0%
United Republic
0%
We are the Soldiers of God, the Soldiers of our Homeland
0%

Score Distribution

Percentile by Number Answered

Percent of People with Each Score

Your Score History

You have not taken this quiz since the last reset